[Event "ESP-ch 88th"]
[Site "Marbella"]
[Date "2023.10.21"]
[Round "9"]
[White "Garcia Almeida, Aitana Maria"]
[Black "Vazquez Pino, Miguel Angel"]
[Result "1/2-1/2"]
[WhiteElo "1752"]
[BlackElo "2059"]
[PlyCount "97"]
[EventDate "2023.10.13"]
[EventType "swiss"]
[EventRounds "9"]
[EventCountry "ESP"]
[SourceTitle "Mega2024 Update 01"]
[Source "Chessbase"]
[SourceDate "2023.11.12"]
[SourceVersion "1"]
[SourceVersionDate "2023.11.12"]
[SourceQuality "1"]

1. c4 Nf6 2. Nc3 e6 3. g3 c5 4. Bg2 Nc6 5. e4 Be7 6. Nge2 0-0 7. 0-0 a6 8. d3 d6 9. f4 Rb8 10. h3 Qc7 11. g4 b5 12. b3 Nd7 13. Qd2 Rd8 14. f5 Nde5 15. Nf4 Bg5 16. Qd1 Qe7 17. Nh5 Bh4 18. Qd2 Nb4 19. f6 gxf6 20. Qh6 Qf8 21. Nxf6+ Bxf6 22. Qxf6 Ng6 23. Bh6 Qxh6 24. Qxf7+ Kh8 25. Qf6+ Qg7 26. Qxd8+ Qg8 27. Qxd6 Bb7 28. Qxc5 Nxd3 29. Qd4+ Nde5 30. Rad1 bxc4 31. bxc4 Rc8 32. c5 Bc6 33. h4 Qg7 34. Qd8+ Rxd8 35. Rxd8+ Qg8 36. Rxg8+ Kxg8 37. h5 Nf8 38. g5 Nfd7 39. Rc1 Nd3 40. Rd1 N7xc5 41. Bf1 Ne5 42. Kf2 Nf7 43. g6 hxg6 44. hxg6 Ne5 45. Bg2 Kg7 46. Rd6 Kxg6 47. Bh3 Kf6 48. Kg2 Ke7 49. Rd4 1/2-1/2

[Event "ESP-ch 88th"]
[Site "Marbella"]
[Date "2023.10.18"]
[Round "6"]
[White "Berrocal Ruiz, Valentin"]
[Black "Vazquez Pino, Miguel Angel"]
[Result "1-0"]
[WhiteElo "2187"]
[BlackElo "2059"]
[PlyCount "109"]
[EventDate "2023.10.13"]
[EventType "swiss"]
[EventRounds "9"]
[EventCountry "ESP"]
[SourceTitle "Mega2024 Update 01"]
[Source "Chessbase"]
[SourceDate "2023.11.12"]
[SourceVersion "1"]
[SourceVersionDate "2023.11.12"]
[SourceQuality "1"]

1. e4 e6 2. d4 d5 3. exd5 exd5 4. Nf3 Nf6 5. Bd3 Bd6 6. 0-0 0-0 7. h3 h6 8. Nc3 c6 9. Re1 Re8 10. Ne5 Nbd7 11. Bf4 Qc7 12. Qf3 Rf8 13. Nxd7 Bxd7 14. Bxh6 gxh6 15. Qxf6 Bf4 16. h4 Qd6 17. Qxd6 Bxd6 18. g3 Rfe8 19. a3 Kf8 20. Re2 Bg4 21. Rxe8+ Rxe8 22. Kg2 Bc7 23. f3 Bd7 24. Kf2 b6 25. Rd1 Bd8 26. Re1 Be7 27. Ne2 Bf6 28. c3 Rb8 29. Nf4 Be7 30. Rh1 a5 31. g4 Bd6 32. Ne2 Ke7 33. Ng3 b5 34. Re1+ Kf8 35. Bf5 Be8 36. Nh5 b4 37. axb4 axb4 38. Nf6 bxc3 39. bxc3 c5 40. Bd7 Rb2+ 41. Re2 Bg3+ 42. Kf1 Rxe2 43. Kxe2 Ke7 44. Bxe8 Kxf6 45. dxc5 Ke7 46. Bc6 Ke6 47. h5 f6 48. Be8 Bf4 49. Kd3 Ke5 50. Bf7 Bc1 51. c6 Kd6 52. Bxd5 Bf4 53. Ke4 Bd2 54. c4 Bc1 55. Kf5 1-0

[Event "Malaga op 15th"]
[Site "Malaga"]
[Date "2021.10.30"]
[Round "3"]
[White "Vazquez Pino, Miguel Angel"]
[Black "Strikovic, Aleksa"]
[Result "0-1"]
[WhiteElo "2038"]
[BlackElo "2459"]
[PlyCount "76"]
[EventDate "2021.10.29"]
[EventType "swiss"]
[EventRounds "7"]
[EventCountry "ESP"]
[SourceTitle "CBM 204 Extra"]
[Source "ChessBase"]
[SourceDate "2021.11.30"]
[SourceVersion "1"]
[SourceVersionDate "2021.11.30"]
[SourceQuality "1"]

1. e4 c5 2. Nf3 e6 3. d4 cxd4 4. Nxd4 a6 5. c4 Nf6 6. Nc3 d6 7. Be2 b6 8. 0-0 Bb7 9. f3 Be7 10. Be3 0-0 11. Qd2 Qc7 12. Rac1 Nbd7 13. Rfd1 Rac8 14. b3 Rfe8 15. Bf1 Qb8 16. Kh1 Bf8 17. Qf2 Be7 18. Nde2 Bd8 19. g3 d5 20. exd5 exd5 21. Nxd5 Nxd5 22. cxd5 Rxc1 23. Bxc1 b5 24. Bg2 Bb6 25. Qf1 Nf6 26. Nf4 Qe5 27. Bd2 Qb2 28. Qd3 Qxa2 29. Bb4 Re3 30. Qb1 Qxb1 31. Rxb1 Nxd5 32. Nxd5 Bxd5 33. Rd1 Bxb3 34. Rd6 Re6 35. Rd7 a5 36. Bd2 h5 37. f4 a4 38. Bf3 a3 0-1

[Event "ESP-ch 83rd"]
[Site "Linares"]
[Date "2018.08.25"]
[Round "6"]
[White "Perez Perez, Gabriel"]
[Black "Vazquez Pino, Miguel Angel"]
[Result "1-0"]
[WhiteElo "2058"]
[BlackElo "1909"]
[PlyCount "147"]
[EventDate "2018.08.20"]
[EventType "swiss"]
[EventRounds "9"]
[EventCountry "ESP"]
[SourceTitle "CBM 186 Extra"]
[Source "ChessBase"]
[SourceDate "2018.08.24"]
[SourceVersion "1"]
[SourceVersionDate "2018.08.24"]
[SourceQuality "1"]

1. e4 e6 2. d4 d5 3. Nd2 Nc6 4. Ngf3 Nf6 5. e5 Nd7 6. Nb3 a5 7. a4 f6 8. Bb5 fxe5 9. dxe5 Be7 10. Nbd4 Ndb8 11. Ng5 Bxg5 12. Qh5+ g6 13. Qxg5 Qxg5 14. Bxg5 0-0 15. Nxc6 bxc6 16. Be2 Nd7 17. f4 Kg7 18. Rf1 Ba6 19. Rf3 Bxe2 20. Kxe2 h6 21. Be7 Rf7 22. Ba3 c5 23. Raf1 Raf8 24. h4 h5 25. g3 Rb8 26. Rc3 c4 27. b3 Nb6 28. Bc5 Nd7 29. Bg1 Rb4 30. Rd1 c5 31. Bf2 Rf8 32. bxc4 d4 33. Rb3 Nb6 34. Be1 Nxc4 35. Bxb4 axb4 36. a5 Ra8 37. Ra1 Rxa5 38. Rxa5 Nxa5 39. Rb1 Nc4 40. Kd3 Ne3 41. Ra1 c4+ 42. Kd2 Kf7 43. Ra7+ Kf8 44. Rb7 Nf1+ 45. Ke2 Nxg3+ 46. Kf3 d3 47. Rxb4 d2 48. Rb1 Nf5 49. c3 Nxh4+ 50. Ke4 Nf5 51. Rd1 h4 52. Rxd2 Kg7 53. Kf3 Kf7 54. Rd7+ Ke8 55. Rc7 h3 56. Rxc4 Kd7 57. Ra4 Kc6 58. Ra2 Kc5 59. Rh2 Kc4 60. Rxh3 Kxc3 61. Rh8 Kd3 62. Rd8+ Kc4 63. Kg4 Nh6+ 64. Kf3 Nf5 65. Rd6 Kc5 66. Rd1 Kc4 67. Rd8 Kc5 68. Rf8 Kd4 69. Rf6 Kd5 70. Kg4 Ke4 71. Rxe6 Ne3+ 72. Kg5 Nd5 73. Ra6 Kd4 74. Rd6 1-0

[Event "ESP-ch 83rd"]
[Site "Linares"]
[Date "2018.08.23"]
[Round "4"]
[White "Fernandez Montero, Francisco Manuel"]
[Black "Vazquez Pino, Miguel Angel"]
[Result "0-1"]
[WhiteElo "2046"]
[BlackElo "1909"]
[PlyCount "40"]
[EventDate "2018.08.20"]
[EventType "swiss"]
[EventRounds "9"]
[EventCountry "ESP"]
[SourceTitle "CBM 186 Extra"]
[Source "ChessBase"]
[SourceDate "2018.08.24"]
[SourceVersion "1"]
[SourceVersionDate "2018.08.24"]
[SourceQuality "1"]

1. e4 e6 2. d4 d5 3. Bd3 dxe4 4. Bxe4 Nf6 5. Bf3 Bd6 6. Ne2 Nbd7 7. Nbc3 e5 8. 0-0 h6 9. Ng3 0-0 10. Re1 Re8 11. Be3 c6 12. Qd2 Nf8 13. Bxh6 exd4 14. Qg5 Ng6 15. Nce4 Nxe4 16. Nxe4 Be7 17. Qh5 gxh6 18. Qxh6 Be6 19. g3 Bd5 20. Bg4 Bf8 0-1

[Event "ESP-ch rapid"]
[Site "Linares"]
[Date "2018.08.19"]
[Round "2"]
[White "Calzetta Ruiz, Monica"]
[Black "Vazquez Pino, Miguel Angel"]
[Result "1-0"]
[WhiteElo "2302"]
[BlackElo "1909"]
[PlyCount "37"]
[EventDate "2018.08.19"]
[EventType "swiss (rapid)"]
[EventRounds "9"]
[EventCountry "ESP"]
[SourceTitle "CBM 186 Extra"]
[Source "ChessBase"]
[SourceDate "2018.08.24"]
[SourceVersion "1"]
[SourceVersionDate "2018.08.24"]
[SourceQuality "1"]

1. e4 e6 2. d4 d5 3. Nd2 Nc6 4. Ngf3 Nf6 5. e5 Nd7 6. Bb5 a6 7. Bxc6 bxc6 8. 0-0 c5 9. c3 cxd4 10. cxd4 c5 11. Nb3 cxd4 12. Nbxd4 Bb7 13. Bg5 Qb8 14. Qa4 Bc5 15. Rac1 Bxd4 16. Nxd4 Qxe5 17. Rfe1 Qd6 18. Nf5 Qf8 19. Rc7 1-0

[Event "ESP-ch rapid"]
[Site "Linares"]
[Date "2018.08.19"]
[Round "7"]
[White "Riquelme Valero, Manuel Damian"]
[Black "Vazquez Pino, Miguel Angel"]
[Result "1-0"]
[WhiteElo "2150"]
[BlackElo "1909"]
[PlyCount "131"]
[EventDate "2018.08.19"]
[EventType "swiss (rapid)"]
[EventRounds "9"]
[EventCountry "ESP"]
[SourceTitle "CBM 186 Extra"]
[Source "ChessBase"]
[SourceDate "2018.08.24"]
[SourceVersion "1"]
[SourceVersionDate "2018.08.24"]
[SourceQuality "1"]

1. d4 Nf6 2. c4 e6 3. Nc3 Bb4 4. f3 d5 5. a3 Bxc3+ 6. bxc3 0-0 7. cxd5 exd5 8. e3 Bf5 9. Ne2 Nbd7 10. g4 Bg6 11. h4 h5 12. g5 Ne8 13. Nf4 c6 14. Nxg6 fxg6 15. Bd3 Qc7 16. Kf2 Qd6 17. a4 b6 18. f4 c5 19. Kg2 Nc7 20. Rf1 Rae8 21. Ra2 Qe6 22. Raf2 Rf5 23. Qf3 c4 24. Bc2 Nb8 25. Re1 Rf7 26. f5 Qd7 27. Qh3 Ref8 28. Ref1 gxf5 29. Rxf5 Rxf5 30. Rxf5 Rxf5 31. Qxf5 Qxf5 32. Bxf5 Kf7 33. Ba3 g6 34. Bc2 b5 35. Bd6 Nba6 36. a5 Ne8 37. Ba3 Nb8 38. e4 Nc6 39. exd5 Nxa5 40. d6 Nb7 41. d7 Nc7 42. Kf3 Nd8 43. Bc5 Nd5 44. Ke4 Nxc3+ 45. Ke5 a5 46. Kd6 b4 47. Bb6 b3 48. Bb1 Nb5+ 49. Kc5 c3 50. Bxd8 c2 51. Bf6 c1Q+ 52. Kxb5 Qxb1 53. d8Q Qd3+ 54. Kxa5 Qc3+ 55. Kb5 Qd3+ 56. Ka5 Qc3+ 57. Ka4 Qc4+ 58. Ka3 Qa6+ 59. Kxb3 Qd3+ 60. Kb4 Qb1+ 61. Kc5 Qc2+ 62. Kd5 Qf5+ 63. Kc6 Qc2+ 64. Kb7 Qe4+ 65. Kb8 Qb1+ 66. Kc8 1-0